| 000 | 00715nam a22001817a 4500 | ||
|---|---|---|---|
| 999 |
_c61012 _d61012 |
||
| 005 | 20231206163523.0 | ||
| 008 | 231206s1978 ru ||||| |||| 00| 0 rus d | ||
| 041 | _arus | ||
| 080 | _a008(495-9) K-82 | ||
| 245 |
_aКрит / _cТекст Б. Рутковский; Фото А.Дзеванский. |
||
| 264 |
_aВаршава: _bАркады, _c1978. |
||
| 300 |
_a24 см.: _bил.; _c29 см. |
||
| 440 |
_aИскусство и культура древнего мира. _920603 |
||
| 653 | _aკრეტა | ||
| 700 |
_aРутковский, Б. _eტექსტის ავტორი _920604 |
||
| 700 |
_aДзеванский, А. _eფოტოგრაფი _920605 |
||
| 942 |
_2udc _cᲬᲘᲒᲜᲘ |
||